Hệ thống mục lục ngân sách nhà nước
Giới thiệu quyết định của Bộ Tài chính về hệ thống mục lục ngân sách nhà nước và một số văn bản hướng dẫn thực hiện mục lục ngân sách nhà nước
Đã lưu trong:
| Format: | Bog |
|---|---|
| Sprog: | Undetermined |
| Udgivet: |
Hà Nội
Lao động
2012
|
| Fag: | |
| Tags: |
Tilføj Tag
Ingen Tags, Vær først til at tagge denne postø!
|
| Thư viện lưu trữ: | Trung tâm Học liệu Trường Đại học Cần Thơ |
|---|
| LEADER | 00816nam a2200205Ia 4500 | ||
|---|---|---|---|
| 001 | CTU_190769 | ||
| 008 | 210402s9999 xx 000 0 und d | ||
| 020 | |c 40000 | ||
| 082 | |a 352.4 | ||
| 082 | |b H250 | ||
| 245 | 0 | |a Hệ thống mục lục ngân sách nhà nước | |
| 260 | |a Hà Nội | ||
| 260 | |b Lao động | ||
| 260 | |c 2012 | ||
| 520 | |a Giới thiệu quyết định của Bộ Tài chính về hệ thống mục lục ngân sách nhà nước và một số văn bản hướng dẫn thực hiện mục lục ngân sách nhà nước | ||
| 650 | |a Finance,public,Tài chính công | ||
| 650 | |x Management,Quản lý | ||
| 650 | |z Vietnam,Việt Nam | ||
| 910 | |a Hải | ||
| 980 | |a Trung tâm Học liệu Trường Đại học Cần Thơ | ||